Guidance notes for the engineering and construction contract (Record no. 104667)

MARC details
000 -LEADER
fixed length control field 01384cam a2200289 4500
001 - CONTROL NUMBER
control field ##L131182
008 - FIXED-LENGTH DATA ELEMENTS--GENERAL INFORMATION
fixed length control field 050720n2005 000 0 eng u
020 ## - INTERNATIONAL STANDARD BOOK NUMBER
International Standard Book Number 0727733664
020 ## - INTERNATIONAL STANDARD BOOK NUMBER
International Standard Book Number 9780727733665
035 ## - SYSTEM CONTROL NUMBER
System control number (Sirsi) u131182
041 0# - LANGUAGE CODE
Language code of text/sound track or separate title eng
050 04 - LIBRARY OF CONGRESS CALL NUMBER
Classification number 624.04 $2 18
110 2# - MAIN ENTRY--CORPORATE NAME
Corporate name or jurisdiction name as entry element Institution of Civil Engineers
9 (RLIN) 1402
245 ## - TITLE STATEMENT
Title Guidance notes for the engineering and construction contract
250 ## - EDITION STATEMENT
Edition statement 3rd ed.
260 ## - PUBLICATION, DISTRIBUTION, ETC.
Place of publication, distribution, etc. London
Name of publisher, distributor, etc. Thomas Telford
Date of publication, distribution, etc. 2005
300 ## - PHYSICAL DESCRIPTION
Extent vii, 154p.
Dimensions 30cm.
350 ## - PRICE (NR) (BK AM CF MU VM SE) [OBSOLETE]
Price 20
490 ## - SERIES STATEMENT
Series statement New Engineering Contract (Third Edition)
Volume/sequential designation Engineering and Construction Contract (Third Edition): Guidance Notes (Third Edition)
520 ## - SUMMARY, ETC.
Summary, etc. Divided into five parts these guidance notes introduce the third edition of the ECC, it's arrangement and the roles and duties of those involved in the project. Subsequent sections deal with the contract strategy and tender documents, provide explanatory notes and discuss the ECS.
520 ## - SUMMARY, ETC.
Summary, etc. Supersedes second edition (ISBN 0727720791)
650 24 - SUBJECT ADDED ENTRY--TOPICAL TERM
Topical term or geographic name entry element NEW ENGINEERING CONTRACT (THIRD EDITION)
650 24 - SUBJECT ADDED ENTRY--TOPICAL TERM
Topical term or geographic name entry element NEC ENGINEERING AND CONSTRUCTION CONTRACT (THIRD EDITION)
650 24 - SUBJECT ADDED ENTRY--TOPICAL TERM
Topical term or geographic name entry element NEC ENGINEERING AND CONSTRUCTION SUBCONTRACT (THIRD EDITION)
690 ## - LOCAL SUBJECT ADDED ENTRY--TOPICAL TERM (OCLC, RLIN)
Topical term or geographic name as entry element BUILT ENVIRONMENT-BUILDING CONTRACT FORMS-STANDARD FORMS OF BUILDING CONTRACT-NEW ENGINEERING CONTRACT CONTRACTS
942 ## - ADDED ENTRY ELEMENTS (KOHA)
Suppress in OPAC 0
Source of classification or shelving scheme Dewey Decimal Classification

No items available.